Normal view
MARC view
- Holden, Jeanne S.
Entry Personal Name
001 - CONTROL NUMBER
- control field: 43227
003 - CONTROL NUMBER IDENTIFIER
- control field: OSt
005 - DATE AND TIME OF LATEST TRANSACTION
- control field: 20210429100016.0
008 - FIXED-LENGTH DATA ELEMENTS
- fixed length control field: 210429|| aca||aabn | a|a d
040 ## - CATALOGING SOURCE
- Original cataloging agency: OSt
- Transcribing agency: OSt
100 ## - HEADING--PERSONAL NAME
- Personal name: Holden, Jeanne S.
670 ## - SOURCE DATA FOUND
- Source citation: Work cat.: (OSt): Holden, Jeanne S., U.S. coins:, c2006-2008.
